000 01140nam a22002657a 4500
003 AR-BeUNQ
005 20241218185058.0
008 241218b |||||||| |||| 00| 0 spa d
020 _a9789877421354
040 _aAR-BeUNQ
_cAR-BeUNQ
_eaacr
082 _221
_aA863 GRU
100 _aGrubissich, Jorge
_caut.
_d1962
245 _aLa senda del puñal.
_cJorge Grubissich
_hlibro
250 _a1a.ed
_bespecial
260 _aCiudad Autónoma de Buenos Aires :
_bSalim Ediciones,
_c2023
300 _a144 p. ;
_c20x13 cm
490 _aIdentidades Bonaerenses
_x9789877421354
505 _acapitulos del 1 al 32.
520 _aEl detective Anselmo Benegas llega a Tapalqué , en el sofocante verano de 1952. LO han convocado una comunidad desesperada tras el fracaso de la policía. Tres chicas de catorce años han sido víctimas de un asesino serial, capaz de actuar a pleno día y entre la multitud.
650 _atell
_2Narrativa
651 _aArgentina
_2unescot
700 _aPonce, Germán.
_qilust.
929 _aDONACION
_bMisniterio de Educación de la Provincia de Buenos Aires
_c0
_d0
_e05/11/2024
_fPAT0082574
_j62877
942 _cLIB
999 _c1164
_d1164